Statistics for Pittsburgh International Airport Destinations (Pittsburgh, PA, USA)

Click here to take the quiz!

General Stats

  • This quiz has been taken 42 times
    (17 since last reset)
  • The average score is 48 of 62

Answer Stats

AirlineDestination% Correct
Delta Air Lines/Frontier Airlines/Southwest AirlinesAtlanta
100%
Allegiant Air/Southwest AirlinesAustin
100%
American Airlines/American EagleCharlotte
100%
American Airlines/Frontier AirlinesDallas/Fort Worth
100%
Southwest AirlinesDallas (Love)
100%
United AirlinesSan Francisco
100%
Delta Connection/JetBlueBoston
93%
Frontier Airlines/Southwest Airlines/United AirlinesDenver
93%
Delta Air Lines/Delta ConnectionDetroit
93%
Southwest AirlinesHouston (Hobby)
93%
United Airlines/United ExpressHouston (Intercontinental)
93%
Allegiant Air/Breeze AirwaysJacksonville (FL)
93%
Southwest Airlines/Spirit AirlinesLas Vegas
93%
Breeze Airways/Spirit AirlinesLos Angeles
93%
Allegiant AirMelbourne/Orlando
93%
American Airlines/American Eagle/Spirit AirlinesMiami
93%
Spirit Airlines/United Airlines/United ExpressNewark
93%
American Eagle/Delta ConnectionNew York (JFK)
93%
American Airlines/American Eagle/Delta ConnectionNew York (LaGuardia)
93%
Frontier Airlines/Southwest Airlines/Spirit AirlinesOrlando
93%
Allegiant AirOrlando/Sanford
93%
American Airlines/American Eagle/Frontier AirlinesPhiladelphia
93%
Alaska AirlinesSeattle/Tacoma
93%
Breeze Airways/Southwest Airlines/Spirit AirlinesTampa
93%
Air Canada ExpressToronto (Pearson)
93%
United ExpressWashington (Dulles)
93%
American Airlines/American EagleWashington (National)
93%
Southwest AirlinesBaltimore
87%
American Airlines/Southwest Airlines/Spirit AirlinesCancun
87%
Southwest AirlinesChicago (Midway)
87%
American Airlines/American Eagle/United Airlines/United ExpressChicago (O'Hare)
87%
British AirwaysLondon (Heathrow)
87%
Air Canada ExpressMontreal (Trudeau)
87%
Allegiant Air/Southwest AirlinesNashville
87%
American Airlines/Southwest AirlinesPhoenix (Sky Harbor)
87%
Breeze AirwaysPortland (ME)
87%
American Eagle/Breeze Airways/Frontier AirlinesRaleigh/Durham
87%
Southwest AirlinesSt. Louis
87%
Southwest Airlines/Spirit AirlinesFort Lauderdale
80%
Southwest Airlines/Spirit AirlinesFort Myers
80%
Delta Air Lines/Delta Connection/Sun Country AirlinesMinneapolis/St. Paul
80%
Breeze AirwaysNew Orleans
80%
Allegiant Air/Breeze AirwaysCharleston (SC)
73%
Breeze AirwaysHartford
73%
IcelandairReykjavik
73%
Breeze Airways/Southwest AirlinesSan Diego
73%
Allegiant AirSavannah
73%
Allegiant Air/Breeze AirwaysNorfolk
67%
Breeze AirwaysProvidence
67%
Allegiant Air/Southwest AirlinesSarasota
67%
Allegiant AirSt. Petersburg/Clearwater
67%
Allegiant AirDestin/Fort Walton Beach
60%
Allegiant AirKey West
53%
Allegiant Air/Southwest Airlines/Spirit AirlinesMyrtle Beach
53%
Allegiant AirWest Palm Beach
53%
Breeze AirwaysOrange County
47%
Allegiant AirPunta Gorda (FL)
33%
Southern Airways ExpressDuBois (PA)
13%
Breeze AirwaysLong Island/Islip
13%
Southern Airways ExpressBradford (PA)
7%
Southern Airways ExpressLancaster (PA)
7%
Southern Airways ExpressMorgantown (WV)
7%

Score Distribution

Percentile by Number Answered

Percent of People with Each Score

Your Score History

You have not taken this quiz since the last reset